Catálogo - Centro de Recursos para el Aprendizaje y la Investigación

Volver al Sitio - CRAI Biblioteca

Analytic geometry / (Registro nro. 114343)

Detalles MARC
000 -CABECERA
campo de control de longitud fija 00658nam a22002171 4500
001 - NÚMERO DE CONTROL
campo de control 114343
003 - IDENTIFICADOR DEL NÚMERO DE CONTROL
campo de control DR-UNIBE
005 - FECHA Y HORA DE LA ÚLTIMA TRANSACCIÓN
campo de control 20260304115336.0
008 - DATOS DE LONGITUD FIJA--INFORMACIÓN GENERAL
campo de control de longitud fija 840706s1958 nyua 000 0 eng
035 ## - NÚMERO DE CONTROL DEL SISTEMA
Número de control de sistema 1693586
040 ## - FUENTE DE LA CATALOGACIÓN
Centro catalogador/agencia de origen DLC/ICU
Centro/agencia transcriptor ICU
Centro/agencia modificador DLC
-- BIBLIOTECA UNIBE
Lengua de catalogación spa
Normas de descripción rda
041 ## - CÓDIGO DE LENGUA
Código de lengua del texto/banda sonora o título independiente eng
082 00 - NÚMERO DE LA CLASIFICACIÓN DECIMAL DEWEY
Número de clasificación 516 P985a
100 1# - ENTRADA PRINCIPAL--NOMBRE DE PERSONA
Nombre de persona Purcell, Edwin J.
Forma completa/desarrollada del nombre (Edwin Joseph),
Fechas asociadas al nombre 1901-
9 (RLIN) 201906
245 00 - MENCIÓN DE TÍTULO
Título Analytic geometry /
Mención de responsabilidad, etc. Edwin J. Purcell
260 ## - PUBLICACIÓN, DISTRIBUCIÓN, ETC.
Lugar de publicación, distribución, etc. New York :
Nombre del editor, distribuidor, etc. Appleton-Century-Crofts,
Fecha de publicación, distribución, etc. 1958
300 ## - DESCRIPCIÓN FÍSICA
Extensión 289 páginas :
Otras características físicas ilustraciones
490 ## - MENCIÓN DE SERIE
Mención de serie The Appleton-Century mathematics series
650 #7 - PUNTO DE ACCESO ADICIONAL DE MATERIA--TÉRMINO DE MATERIA
Término de materia o nombre geográfico como elemento de entrada Geometría
9 (RLIN) 202931
Fuente del encabezamiento o término lemb
942 ## - ELEMENTOS DE PUNTO DE ACCESO ADICIONAL (KOHA)
Fuente del sistema de clasificación o colocación Sistema de Clasificación Decimal Dewey
Tipo de ítem Koha Libro (general)
Existencias
Estado de retiro Estado de pérdida Fuente del sistema de clasificación o colocación No para préstamo Código de colección Localización permanente Fecha de adquisición Total de préstamos Signatura topográfica completa Código de barras Fecha visto por última vez Número de copia Precio válido a partir de Tipo de ítem Koha
  Disponible Sistema de Clasificación Decimal Dewey   General Biblioteca Central UNIBE 28/12/2025   516 P985a 251158 04/03/2026 Ej. 1 04/03/2026 Libro (general)